Ruling ripples (Record no. 69154)

MARC details
000 -LEADER
fixed length control field 00929cam a2200229 4500
001 - CONTROL NUMBER
control field ABS64941
008 - FIXED-LENGTH DATA ELEMENTS--GENERAL INFORMATION
fixed length control field 011220n2001 000 0 eng u
035 ## - SYSTEM CONTROL NUMBER
System control number (Sirsi) u116089
100 ## - MAIN ENTRY--PERSONAL NAME
Personal name Risso-Gill, J
245 ## - TITLE STATEMENT
Title Ruling ripples
260 ## - PUBLICATION, DISTRIBUTION, ETC.
Date of publication, distribution, etc. 2001
490 ## - SERIES STATEMENT
Series statement HouseBuilder
Volume/sequential designation (60 no.11) December 2001, 27(1)
520 ## - SUMMARY, ETC.
Summary, etc. Examines the implications of a recent ruling at the high court. In R (on the application of JA Pye and Others) v Oxford City Council which revised the policy on supplementary planning guidance (SPG). This case was a challenge against the adoption of SPG and it failed but the case has important implications for future policy.
590 ## - LOCAL NOTE (RLIN)
Local note ABS
650 ## - SUBJECT ADDED ENTRY--TOPICAL TERM
Topical term or geographic name entry element SUPPLEMENTARY PLANNING GUIDANCE
650 ## - SUBJECT ADDED ENTRY--TOPICAL TERM
Topical term or geographic name entry element LOCAL PLANNING AUTHORITY
650 ## - SUBJECT ADDED ENTRY--TOPICAL TERM
Topical term or geographic name entry element DEVELOPMENT COSTS
650 ## - SUBJECT ADDED ENTRY--TOPICAL TERM
Topical term or geographic name entry element TOWN AND COUNTRY PLANNING ACT 1990
650 ## - SUBJECT ADDED ENTRY--TOPICAL TERM
Topical term or geographic name entry element PPG12
690 ## - LOCAL SUBJECT ADDED ENTRY--TOPICAL TERM (OCLC, RLIN)
Topical term or geographic name as entry element Planning and development
9 (RLIN) 6259
942 ## - ADDED ENTRY ELEMENTS (KOHA)
Suppress in OPAC 0
Holdings
Withdrawn status Lost status Source of classification or shelving scheme Damaged status Not for loan Home library Current library Shelving location Date acquired Total Checkouts Full call number Barcode Date last seen Copy number Price effective from Koha item type
    Dewey Decimal Classification     London London Journal article 21/12/2001   ABS64941 116089-1001 06/08/2019 1 06/08/2019 Journal article